1131 1120 1473 1803 1645 1903 1560 1121 1559 1688 1202 1418 1807 1804 1592 1027 1964 1554 1920 1680 1439 1962 1182 1740 1070 1434 1415 1850 1091 1224 1729 1406 1401 1128 1317 1884 1390 1756 1928 1314 1924 1270 1601 1560 1774 1375 1036 1194 1742 1757 1131 1816 1486 1094 1068 1412 1157 1331 1803 1450 1676 1078 1608 1149 1596 1409 1546 1249 1798 1446 1753 1858 1540 1669 1079 1918 1946 1467 1269 1904 1521 1593 1538 1099 1186 1202 1403 1851 1248 1285 1639 1082 1199 1137 1164 1334 1354 1753 1770 BCNSPRNW ULIB Ver.6.0+V

เปลี่ยนเป็นภาษาไทย

Change to English
 แสดงรายละเอียดบรรณานุกรม
  กลับหน้าหลัก

Brief Record : Get Marc (ISO 2709) : E-mail record : QR code < ปิดหน้าต่าง
LEADER : 00000nam 2200000uu 4500
001    13399112806
003     ULIB
008    110627s2550||||th 000 0 tha d
020    9789742556723
090    นว.^bพ541พ ล.2 2550
100 0  พัดชา,นามแฝง
245 00 พรหมรัถยา เล่ม 2 /^cพัดชา,นามแฝง
250    พิมพ์ครั้งที่ 1
260    กรุงเทพฯ :^bบูรพาสาส์น,^c2550
300    428 หน้า
710 1  บูรพาสาส์น
945    ^p400^l0^i022011
995    ทศพร
999 ^a ใช้งานได้ทุกระบบ
รายการนี้ยังไม่มีแท็ก
คุณยังไม่ได้ล็อกอิน คุณสามารถมีกิจกรรมร่วมกับเว็บไซต์ได้ แต่ต้องล็อกอินก่อน ::
  ล็อกอิน

รายการสื่อสารสนเทศ

ลำดับที่ ประเภท เลขเรียก/บาร์โค้ด สถานที่ สถานะ
- ไม่พบข้อมูล -

รายการใกล้เคียง
    ผู้แต่ง [พัดชา,นามแฝง]

BibComment


ยังไม่เคยถูกคอมเมนท์

คอมเมนท์ทรัพยากรรายการนี้
  คอมเมนท์: พรหมรัถยา เล่ม 2 ..


 Copyright 2026. Bcnsprnw @Library